Egy fán kétszáz gyümölcs

Elmentve itt :
Bibliográfiai részletek
Dokumentumtípus: Cikk
Megjelent: 1982-12-23
Sorozat:Délmagyarország 72 No. 301
Online Access:http://dmarchiv.bibl.u-szeged.hu/90547
LEADER 00368nab a2200133 i 4500
001 delm90547
005 20190620115522.0
008 190620s1982 hu o 0|| hun d
040 |a SZTE Délmagyarország Archívum  |b hun 
041 |a hun 
245 0 0 |a Egy fán kétszáz gyümölcs  |h [elektronikus dokumentum] 
260 |c 1982-12-23 
300 |a 8 
490 0 |a Délmagyarország  |v 72 No. 301